| 000 | 00752nam a2200217 u 4500 | ||
|---|---|---|---|
| 001 | 000768963 | ||
| 003 | AM-YeHGA | ||
| 005 | 20250617143832.0 | ||
| 008 | 101028s1970 ||| r 000 0 rus d | ||
| 040 | _aAM-YeHGA | ||
| 041 | 0 | _arus | |
| 100 | 1 | _aДардымов, Игорь Васильевич | |
| 245 | 1 | 0 |
_aЖеньшень / _cИ.В. Дардымов, З.И. Гутникова. |
| 260 |
_aВладивосток : _bДальневост. кн. изд-во, _c1970. |
||
| 300 | _a52 с. | ||
| 440 | 0 | _aЛекарственные растения Дальнего Востока | |
| 504 | _aБиблиогр.: с. 51 | ||
| 653 | 0 | _aЖеньшень | |
| 700 | 1 | _aГутникова, Зинаида Ивановна | |
| 090 | _c284048 | ||
| 999 |
_c282391 _d282391 |
||